000 00827nam0a22002291 4500
001 rc\2936881
005 20110823125706.5
035 _a(NLR Aleph) 007085953
090 _a6524794
_c6524794
100 _a20110823d1939 |||y0rusy50 ca
101 0 _arus
102 _aRU
105 _aa z |||||
200 1 _aОписание лабораторных работ по цементно-бетонным дорожным покрытиям
_fСост. инж.-технолог З.С. Комиссарова
_gВоен.-трансп. акад. РККА
210 _aЛенинград
_cБ. и.
_d1939
215 _a[1], 46 с., включ. обл.
_cил.
_d20 см
700 1 _aКомиссарова
_bЗ. С.
801 0 _aRU
_bNLR
_gpsbo
801 1 _aRU
_bELAR
_2rusmarc
852 _aNLR
_j66-4/14622
942 _cBOOK
980 _aNB